01360nam a2200373 i 450000100090000000300090000900500170001800800410003502000180007602000150009403500240010904000490013308200220018210000480020424500710025225000190032326400370034226400100037930000630038933600260045233600330047833700280051133800270053950000280056650400510059465000500064565000180069565300250071365500170073890600450075594200120080099900170081295201570082922404310EG-ScBUE20230214070521.0220131t2022 nyua f b 001 0 eng d a9781260468717 a1260468712 a(OCoLC)on1308474741 aUKMGBbengerdacUKMGBdOCLCOdDLCdEG-ScBUE04a621.3848222bRIC1 aRichards, M. A.q(Mark A.),d1952-eauthor.10aFundamentals of radar signal processing /cMark A. Richards, Ph.D. aThird edition. 1aNew York :bMcGraw Hill,c[2022] 4cc2022 axxxii, 701 pages :billustrations (black and white)c23 cm atext2rdacontentbtxt astill image2rdacontentbtxt aunmediated2rdamediabn avolume2rdacarrierbnc aPrevious edition: 2014. aIncludes bibliographical references and index. 7aSignal processingxDigital techniques.2BUEsh 7aRadar.2BUEsh bENGGENcFebruary2023 vReading book a7bcbcccopycatd2encipf20gy-gencatlg 2ddccBB c30138d30109 00102ddc40708BaccahaMAINbMAINc1STd2023-02-14ePurchaseg3764.00h37171l0o621.3848 RICp000044766r2025-07-15 00:00:00v4705.00w2023-02-14yBB